El delito de acusación o denuncia calumniosa: artículo 211 del Código Penal

Guardado en:
Detalles Bibliográficos
Autor principal: Morales Andrade, Marcos Daniel (autor)
Formato: Libro
Lenguaje:español
Publicado: Santiago Jurídica de Chile 1993
Materias:
Etiquetas: Agregar Etiqueta
Sin Etiquetas, Sea el primero en etiquetar este registro!

MARC

LEADER 00000nam a2200000 a 4500
001 UCV3546
003 CL-VaPUC
008 930826e19930000CL |||||||||||||||||spa|d
082 0 4 |a 364.156  |b MOR  |2 21 
100 |a Morales Andrade, Marcos Daniel  |e autor  |9 460502 
245 1 3 |a El delito de acusación o denuncia calumniosa: artículo 211 del Código Penal 
300 |a 259 p 
942 |c BK 
945 |d 19930826 00:00:00 
260 |a Santiago  |b Jurídica de Chile  |c 1993 
650 7 |a DERECHO PENAL  |2 CL-VaPUC  |9 11 
650 0 |a Acusación   |9 259219 
650 0 |a Delitos  |9 224143 
650 7 |a DIFAMACION  |2 CL-VaPUC  |9 259220 
583 |a last modification  |c 20170406 02:41:06  |k Rodrigo Vera 
999 |c 210710  |d 210708 
952 |0 0  |1 0  |4 0  |6 364_156000000000000_MOR_1993  |7 0  |8 A  |9 187160  |a BIBDER  |b BIBDER  |d 2019-11-14  |i 2548585  |l 1  |o 364.156 MOR 1993  |p 2548585  |r 2023-11-27  |s 2023-11-20  |w 2019-11-14  |y BK  |k DER 
952 |0 0  |1 0  |4 0  |6 364_156000000000000_MOR_1993  |7 0  |8 A  |9 187161  |a BIBDER  |b BIBDER  |d 2019-11-14  |i 3450066  |l 1  |o 364.156 MOR 1993  |p 3450066  |r 2023-10-26  |s 2023-10-23  |w 2019-11-14  |y BK  |k DER